00729nam a2200229Ia 4500003000400000005001700004008004100021020001800062040000700080041000800087082002000095100004300115245005000158250000600208260003800214300001800252365001300270906005200283942001200335999001900347952013300366OSt20230415095256.0210423s2006 xx 000 0 und d a9788131502266 cAL aeng a657.48 STIE223 aSTICE (Earl K);STICE (James D).988680 aFinancial accounting: reporting and analysis. a7 aAustraliabCengage Learningc2006 axxiii,864bPB b235cINR aaccounting: ; analysis. ; Financial ; reporting 2ddccBK c159242d159242 001040708MCOMaSACPGbSACPGd2011-02-01eCurrent booksg235.00l0o657.48 STIEpPG005720r2022-08-24 00:00:00w2021-04-26yBK